LEADER 01144nam a2200277 i 4500 001 000000035580 003 CaOOAMICUS 005 20150629000000.0 008 150629s1970 it u000 u ita u 013 $a4041 040 $aSeMil$bita 100 1 $aPinder, John.$0(OLS)http://semarc/name/16620 240 10$aEurope after De Gaulle.$0(OLS)http://semarc/title/48811 245 12$aL'Europa oltre il Mercato Comune /$cJohn Pinder, Roy Pryce. 260 $aBologna :$bIl Mulino,$ccopyr. 1970. 300 $a189 p. ;$c22 cm. 490 0 $aLa specola contemporanea 650 4$aComunità Economica Europea.$0(OLS)http://semarc/subject/6539 650 4$aEuropa - Storia - Sec. 20.$0(OLS)http://semarc/subject/574 700 1 $aPryce, Roy.$0(OLS)http://semarc/name/16621 830 3$aLa specola contemporanea.$0(OLS)http://semarc/title/24357 850 $aSeMil 852 $aSeMil$W1$xVenegono$y1$m3N IV 325$j1735$B1735$CSeMilBibl$Z2$F1735 $81 961 $aOmaggio: Casa editrice 996 $6245$aL'Europa oltre il Mercato Comune$9(OLS)http://semarc/title/48810 996 $6260$aBologna :$bIl Mulino$9(OLS)http://semarc/publisher/29842 LEADER 01115nam a2200217 i 4500 001 000000187401 003 CaOOAMICUS 005 20100316000000.0 008 100316s1963 gw u000 u ger u 013 $a165468 040 $aSeMil$bita 100 1 $aEmonds, Hilarius .$0(OLS)http://semarc/name/1695 240 10$aGeistlicher Kriegsdienst : der topos der militia spiritualis in der antiken philosophie.$0(OLS)http://semarc/title/269569 245 10$aMilitia Christi :$bdie Christliche religion und der soldatenstand in den ersten drei Jahrhunderten /$cAdolf von Harnack. 260 $aDarmstadt :$bWissenschaftliche Buchgesellschaft,$c1963. 300 $a162 p. ;$c22 cm. 700 1 $aHarnack, Adolf : von,$d<1851-1930>.$0(OLS)http://semarc/name/134 850 $aSeMil 852 $aSeMil$W1$xVenegono$y1$m2T II 170$j138088$B138088$CSeMilBibl$Z2$F149561 $81 996 $6245$aMilitia Christi :$bdie Christliche religion und der soldatenstand in den ersten drei Jahrhunderten$9(OLS)http://semarc/title/269568 996 $6260$aDarmstadt :$bWissenschaftliche Buchgesellschaft$9(OLS)http://semarc/publisher/32002